[Event "Rated Blitz tournament BgPqVX8B"]
[Site "?"]
[Date "2021.03.14"]
[Round "?"]
[White "IrischPawnCenter"]
[Black "Schachelite"]
[Result "1-0"]
[WhiteElo "2313"]
[BlackElo "2436"]
[PlyCount "117"]
[EventDate "2021.??.??"]
[EventType "blitz"]

1. e4 e5 2. Nf3 d5 3. Nxe5 Bd6 4. d4 dxe4 5. Bc4 Bxe5 6. Qh5 Qe7 7. Qxe5 Qxe5
8. dxe5 Nc6 9. Bf4 Nge7 10. Nc3 Ng6 11. Bg3 Ncxe5 12. Bb3 Bf5 13. O-O-O O-O 14.
h4 h5 15. Rhe1 Rad8 16. Nxe4 Bxe4 17. Rxd8 Rxd8 18. Rxe4 Ng4 19. f3 Nf6 20. Ra4
a6 21. Bxc7 Re8 22. Kd2 Re7 23. Bg3 Rd7+ 24. Ke2 Ne7 25. c3 Nf5 26. Bf2 Re7+
27. Kd2 Rd7+ 28. Kc2 Re7 29. Kd1 Ne3+ 30. Bxe3 Rxe3 31. Kd2 Re7 32. Rd4 g6 33.
g3 Kg7 34. Bd5 b6 35. Be4 a5 36. a3 Nd7 37. f4 Nc5 38. Bc2 Ne6 39. Rd6 Rb7 40.
Be4 Rb8 41. Bd5 Nc5 42. b4 axb4 43. axb4 Na4 44. Bb3 b5 45. Bxa4 bxa4 46. Ra6
Rd8+ 47. Kc2 Re8 48. Rxa4 Re3 49. f5 Rxg3 50. fxg6 Kxg6 51. b5 Rg2+ 52. Kb3 Rg1
53. Ra2 Kf6 54. b6 Rg8 55. c4 Rb8 56. c5 Ke5 57. Kb4 Kd5 58. Kb5 Re8 59. b7 {
Normal} 1-0

[Event "Rated Blitz game"]
[Site "?"]
[Date "2021.03.14"]
[Round "?"]
[White "emiliooo"]
[Black "FTR_BBC"]
[Result "0-1"]
[WhiteElo "2510"]
[BlackElo "2401"]
[PlyCount "28"]
[EventDate "2021.??.??"]
[EventType "blitz"]

1. e4 e5 2. Nf3 d5 3. Bc4 dxc4 4. Nxe5 Be6 5. Nc3 Nc6 6. Nxc6 bxc6 7. O-O Nf6
8. b3 cxb3 9. axb3 Bb4 10. Bb2 Bxc3 11. Bxc3 Nxe4 12. Bxg7 Rg8 13. Be5 Qd5 14.
d4 Nc3 {Normal} 0-1

[Event "Rated Blitz game"]
[Site "?"]
[Date "2021.03.14"]
[Round "?"]
[White "Iwillteachyou"]
[Black "JoNTANCo"]
[Result "1-0"]
[WhiteElo "2328"]
[BlackElo "2406"]
[PlyCount "73"]
[EventDate "2021.??.??"]
[EventType "blitz"]

1. e4 e5 2. Nf3 d5 3. exd5 e4 4. Qe2 Nf6 5. d3 Qxd5 6. Nbd2 Be6 7. Nxe4 Nbd7 8.
c4 Bb4+ 9. Bd2 Qa5 10. Bxb4 Qxb4+ 11. Qd2 Qb6 12. Nxf6+ Nxf6 13. Be2 O-O-O 14.
d4 Rhe8 15. O-O Bg4 16. d5 c6 17. h3 Bh5 18. d6 Ne4 19. Qf4 Bxf3 20. Bxf3 Nxd6
21. b3 Qc7 22. Rad1 f6 23. Bg4+ Kb8 24. Rfe1 Nf7 25. Rxd8+ Rxd8 26. Qxc7+ Kxc7
27. Re7+ Kb6 28. Rxf7 g6 29. Be6 Rd1+ 30. Kh2 Rd2 31. Bc8 Rxf2 32. Rxb7+ Kc5
33. Rxa7 f5 34. a3 h5 35. Bd7 Kd6 36. Be8 c5 37. Bxg6 {Normal} 1-0

[Event "Rated Blitz tournament qRRFrJGp"]
[Site "?"]
[Date "2021.03.14"]
[Round "?"]
[White "Zalan1110"]
[Black "Torjaeger10"]
[Result "1-0"]
[WhiteElo "2423"]
[BlackElo "2252"]
[PlyCount "55"]
[EventDate "2021.??.??"]
[EventType "blitz"]

1. e4 e5 2. Nf3 d5 3. exd5 e4 4. Qe2 Nf6 5. Nc3 Bb4 6. Nxe4 O-O 7. Nxf6+ Qxf6
8. Kd1 Bf5 9. Qe5 Qg6 10. d3 Bd6 11. Qd4 Na6 12. Nh4 Qh5+ 13. Be2 Bc5 14. Bxh5
Bxd4 15. Nxf5 Bxf2 16. Rf1 Bc5 17. Be3 g6 18. Bxc5 Nxc5 19. Ne7+ Kg7 20. d4 Na4
21. b3 Nc3+ 22. Kd2 Ne4+ 23. Kd3 gxh5 24. Nf5+ Kg6 25. Kxe4 Rae8+ 26. Kd3 Rd8
27. Rae1 Rxd5 28. Ne7+ {Normal} 1-0

[Event "Rated Blitz game"]
[Site "?"]
[Date "2021.03.14"]
[Round "?"]
[White "gholamreza"]
[Black "KinzyabulatovRenat"]
[Result "1-0"]
[WhiteElo "2487"]
[BlackElo "2320"]
[PlyCount "79"]
[EventDate "2021.??.??"]
[EventType "blitz"]

1. e4 e5 2. Nf3 d5 3. exd5 e4 4. Qe2 Nf6 5. d3 Qxd5 6. Nc3 Bb4 7. Bd2 Bxc3 8.
Bxc3 O-O 9. Bxf6 exf3 10. Qe5 Qxe5+ 11. Bxe5 Re8 12. d4 Nc6 13. O-O-O Nxe5 14.
dxe5 Bg4 15. g3 Rxe5 16. Bd3 Rae8 17. Kd2 g6 18. Rhe1 Kg7 19. Rxe5 Rxe5 20. b4
a5 21. a3 h5 22. h4 Be6 23. Rb1 b6 24. Kc3 Kf6 25. Kd4 Rd5+ 26. Ke3 Bg4 27. Be4
Re5 28. Kf4 axb4 29. axb4 Ke6 30. Rd1 Rb5 31. c3 c5 32. Rd5 f5 33. Re5+ Kf6 34.
Bd3 c4 35. Rxb5 cxd3 36. Rxb6+ Ke7 37. Ke5 f4 38. gxf4 Bf5 39. Rd6 Kf7 40. b5 {
Normal} 1-0

[Event "Rated Blitz game"]
[Site "?"]
[Date "2021.03.14"]
[Round "?"]
[White "Chessplayer2075"]
[Black "Dzon_Vejn"]
[Result "1-0"]
[WhiteElo "2417"]
[BlackElo "2432"]
[PlyCount "71"]
[EventDate "2021.??.??"]
[EventType "blitz"]

1. e4 e5 2. Nf3 d5 3. Nxe5 Bd6 4. d4 dxe4 5. Nc4 Be7 6. Ne3 Nf6 7. Be2 O-O 8.
O-O Nc6 9. d5 Ne5 10. h3 b6 11. c4 Bb7 12. b3 Re8 13. Bb2 Ng6 14. Nc3 Nf4 15.
Nb5 Nxe2+ 16. Qxe2 c6 17. dxc6 Bxc6 18. Rfd1 Qb8 19. Nd4 Bb7 20. Ndf5 Bf8 21.
Bxf6 gxf6 22. Ng4 Bg7 23. Nxg7 Kxg7 24. Qe3 Re6 25. Qh6+ Kg8 26. Nxf6+ Rxf6 27.
Qxf6 Qe8 28. Rd6 e3 29. fxe3 Qxe3+ 30. Qf2 Qe5 31. Rad1 Re8 32. Rd8 Rxd8 33.
Rxd8+ Kg7 34. Rd7 Qa1+ 35. Kh2 Qe5+ 36. Qg3+ {Normal} 1-0

[Event "Rated Rapid game"]
[Site "?"]
[Date "2021.03.14"]
[Round "?"]
[White "GioGogola"]
[Black "Nzeewin"]
[Result "1-0"]
[WhiteElo "2425"]
[BlackElo "2265"]
[PlyCount "117"]
[EventDate "2021.??.??"]
[EventType "rapid"]

1. e4 e5 2. Nf3 d5 3. exd5 e4 4. Qe2 Nf6 5. Nc3 Be7 6. Nxe4 O-O 7. d3 Qxd5 8.
Bd2 Nc6 9. c4 Qd8 10. Bc3 Bg4 11. h3 Bh5 12. g4 Bg6 13. O-O-O Re8 14. Bg2 Nxe4
15. dxe4 Bg5+ 16. Nxg5 Qxg5+ 17. Qd2 Qxd2+ 18. Rxd2 Bxe4 19. f3 Bg6 20. Rhd1
Rad8 21. Rxd8 Rxd8 22. Rxd8+ Nxd8 23. Kd2 c6 24. f4 f5 25. Bd4 a6 26. Ke3 Ne6
27. Bb6 Kf7 28. Bf3 Ke7 29. g5 Kd6 30. h4 Bf7 31. b4 g6 32. Bd4 Nxd4 33. Kxd4
b5 34. cxb5 axb5 35. a3 Bb3 36. h5 Bf7 37. h6 Bb3 38. Be2 Bf7 39. Bd1 Ba2 40.
Bc2 Bf7 41. a4 bxa4 42. Bxa4 Ba2 43. Bc2 Bf7 44. Bd3 Ba2 45. Bc4 Bxc4 46. Kxc4
Kd7 47. Kc3 Ke6 48. Kc4 Kd6 49. Kd4 Kc7 50. Ke5 Kb6 51. Kf6 Kb5 52. Kg7 Kxb4
53. Kxh7 c5 54. Kxg6 c4 55. h7 c3 56. h8=Q c2 57. Qh1 Kc3 58. Qc1 Kd3 59. Kxf5
{Normal} 1-0

[Event "Rated Blitz game"]
[Site "?"]
[Date "2021.03.14"]
[Round "?"]
[White "diolley"]
[Black "magos33"]
[Result "1-0"]
[WhiteElo "2471"]
[BlackElo "2325"]
[PlyCount "101"]
[EventDate "2021.??.??"]
[EventType "blitz"]

1. e4 e5 2. Nf3 d5 3. Nxe5 Bd6 4. d4 dxe4 5. Nc4 Nf6 6. Nc3 O-O 7. Bg5 Be7 8.
Be2 c6 9. Qd2 a5 10. Ne5 Be6 11. Bxf6 Bxf6 12. Nxe4 Bxe5 13. dxe5 Qh4 14. Bf3
Nd7 15. g3 Qh3 16. Qf4 f6 17. exf6 Nxf6 18. Ng5 Qf5 19. O-O-O Qxf4+ 20. gxf4
Bd5 21. Rhg1 Bxf3 22. Nxf3 Nd5 23. Ne5 Rxf4 24. Rd2 Re8 25. Nd3 Rh4 26. f3 Rh3
27. c4 Nf6 28. Nc5 b6 29. Nd7 Rxf3 30. Nxb6 Rf4 31. b3 g6 32. Nd7 Re7 33. Nxf6+
Rxf6 34. Rg5 a4 35. Kb2 axb3 36. axb3 Rf3 37. Rg3 Rxg3 38. hxg3 Re3 39. Rg2 Kf7
40. Ka3 c5 41. Ka4 g5 42. Kb5 Rxb3+ 43. Kxc5 Kg6 44. Kd6 h5 45. c5 Rc3 46. c6
Kf5 47. c7 Kg4 48. Kd7 Kf3 49. Rg1 g4 50. c8=Q Rc7+ 51. Qxc7 {Time forfeit} 1-0

[Event "Rated Blitz tournament fPaWLvuL"]
[Site "?"]
[Date "2021.03.14"]
[Round "?"]
[White "DjarumSuper76"]
[Black "om_gendut"]
[Result "1-0"]
[WhiteElo "2268"]
[BlackElo "2417"]
[PlyCount "121"]
[EventDate "2021.??.??"]
[EventType "blitz"]

1. e4 e5 2. Nf3 d5 3. Nxe5 Bd6 4. d4 dxe4 5. Nc3 Bxe5 6. dxe5 Qxd1+ 7. Kxd1 Nc6
8. Nxe4 Nxe5 9. Bf4 f6 10. f3 Bf5 11. Ng3 O-O-O+ 12. Kc1 Bg6 13. Be2 Nc6 14.
Rd1 Nge7 15. b3 Rxd1+ 16. Bxd1 Rd8 17. Kb2 Nd5 18. Bd2 Ndb4 19. Bxb4 Nxb4 20.
a3 Nd5 21. Nf1 Re8 22. c4 Ne3 23. Nxe3 Rxe3 24. Kc1 Re1 25. Ra2 Rg1 26. Rf2 Re1
27. Re2 Rxe2 28. Bxe2 Kd7 29. Kd2 Kd6 30. Bd3 Bxd3 31. Kxd3 Ke5 32. Ke3 f5 33.
f4+ Kd6 34. b4 c5 35. b5 b6 36. Kf3 Ke6 37. g4 g6 38. Kg3 fxg4 39. Kxg4 Kf6 40.
h4 h5+ 41. Kg3 Ke6 42. Kf3 Kf5 43. a4 Kf6 44. Ke4 Ke6 45. Ke3 Kf6 46. Ke4 Ke6
47. f5+ gxf5+ 48. Kf4 Kf6 49. Kf3 Ke5 50. Ke3 f4+ 51. Kf3 Kf5 52. a5 Ke5 53. a6
Kf5 54. Kf2 Ke4 55. Ke2 f3+ 56. Kf2 Kf4 57. Kf1 Ke3 58. Ke1 Kd4 59. Kf2 Kxc4
60. Kxf3 Kxb5 61. Kf4 {Time forfeit} 1-0

[Event "Rated Blitz tournament WoUoFPco"]
[Site "?"]
[Date "2021.03.14"]
[Round "?"]
[White "luisaceo"]
[Black "ChessMeraki"]
[Result "0-1"]
[WhiteElo "2435"]
[BlackElo "2347"]
[PlyCount "182"]
[EventDate "2021.??.??"]
[EventType "blitz"]

1. e4 e5 2. Nf3 d5 3. Nxe5 dxe4 4. d3 exd3 5. Bxd3 Bd6 6. Qe2 Qe7 7. Nc4 Qxe2+
8. Kxe2 Be6 9. Nxd6+ cxd6 10. Re1 Nf6 11. Bf4 d5 12. Kf1 O-O 13. Nd2 Nc6 14.
Nb3 b6 15. Rad1 h6 16. Be2 Rfd8 17. c3 d4 18. Nxd4 Nxd4 19. cxd4 Bxa2 20. Be5
Nd5 21. Ra1 Bb3 22. Ra3 Bc2 23. Rc1 Be4 24. f3 Bg6 25. Kf2 a5 26. Rc6 f6 27.
Ra1 fxe5 28. dxe5 Kh7 29. Rac1 Nf4 30. Rxb6 Rd2 31. Re1 Nd3+ 32. Kf1 Nxe1 33.
Kxe1 Rad8 34. f4 Be4 35. g3 R2d7 36. Ra6 Rb7 37. e6 Rxb2 38. e7 Re8 39. Re6 Bd5
40. Re5 Bc6 41. Bd3+ Kh8 42. Bg6 a4 43. Bxe8 Bxe8 44. Rd5 Kg8 45. Ra5 Kf7 46.
h4 Kxe7 47. Ra7+ Kf8 48. g4 Rg2 49. g5 hxg5 50. fxg5 Rg4 51. Kf2 Rxh4 52. Kg3
Rb4 53. Ra8 Rb3+ 54. Kf4 a3 55. Ke4 Rb4+ 56. Kd3 Rb3+ 57. Kc4 Rh3 58. Kb4 Rg3
59. Ra5 Rg4+ 60. Kxa3 Kf7 61. Kb2 Kg6 62. Kc2 Rxg5 63. Ra6+ Kh5 64. Ra1 Bg6+
65. Kc3 Rg4 66. Rh1+ Kg5 67. Ra1 Bf5 68. Ra7 g6 69. Kd2 Rg3 70. Ke2 Kh4 71. Kf2
Rg4 72. Ra8 Kg5 73. Rh8 Rf4+ 74. Kg2 Rg4+ 75. Kf2 Rh4 76. Ke2 Rxh8 77. Kf3 Ra8
78. Kg3 Ra4 79. Kg2 Kg4 80. Kf2 g5 81. Ke2 Bg6 82. Kf2 Kh3 83. Ke2 g4 84. Ke3
g3 85. Kf3 g2 86. Ke2 Rg4 87. Ke3 g1=Q+ 88. Kd2 Qg2+ 89. Ke1 Rg3 90. Kd1 Rf3
91. Kc1 Rf1# {Normal} 0-1

[Event "Rated Blitz game"]
[Site "?"]
[Date "2021.03.14"]
[Round "?"]
[White "Majasystem"]
[Black "Chesspirate_Channel"]
[Result "1-0"]
[WhiteElo "2401"]
[BlackElo "2376"]
[PlyCount "25"]
[EventDate "2021.??.??"]
[EventType "blitz"]

1. e4 e5 2. Nf3 d5 3. Nc3 dxe4 4. Nxe4 f5 5. Nxe5 fxe4 6. Qh5+ g6 7. Nxg6 Nf6
8. Qe5+ Be7 9. Nxh8 Nc6 10. Qg3 Bf5 11. Bc4 Nh5 12. Qg8+ Kd7 13. Qd5+ {Normal}
1-0

[Event "Rated Blitz game"]
[Site "?"]
[Date "2021.03.14"]
[Round "?"]
[White "MRNDJIC"]
[Black "Dzon_Vejn"]
[Result "0-1"]
[WhiteElo "2360"]
[BlackElo "2425"]
[PlyCount "48"]
[EventDate "2021.??.??"]
[EventType "blitz"]

1. e4 e5 2. Nf3 d5 3. Nxe5 Bd6 4. d4 dxe4 5. Nc4 Be7 6. Be2 Nf6 7. O-O O-O 8.
Ne3 Nc6 9. d5 Ne5 10. c4 c6 11. Nc3 cxd5 12. Ncxd5 Nxd5 13. Nxd5 Be6 14. b3 b5
15. Bb2 Ng6 16. Nxe7+ Qxe7 17. cxb5 f5 18. Rc1 f4 19. Bc4 f3 20. g3 Bxc4 21.
Rxc4 Qe6 22. Kh1 Qh3 23. Rg1 Rf5 24. Qd4 Qxh2+ {Normal} 0-1

[Event "Rated Blitz tournament fPaWLvuL"]
[Site "?"]
[Date "2021.03.14"]
[Round "?"]
[White "lalitsahu"]
[Black "D_BKD"]
[Result "1-0"]
[WhiteElo "2326"]
[BlackElo "2495"]
[PlyCount "38"]
[EventDate "2021.??.??"]
[EventType "blitz"]

1. e4 e5 2. Nf3 d5 3. Nxe5 dxe4 4. Bc4 Qd4 5. Bxf7+ Ke7 6. Qh5 Nf6 7. Qg5 Nbd7
8. Nxd7 Bxd7 9. Bb3 c5 10. c3 Qd3 11. Qxc5+ Ke8 12. Qe3 Qa6 13. d4 Bd6 14. Nd2
Kd8 15. Nc4 Bc7 16. Ne5 Bxe5 17. dxe5 Ng4 18. Qe2 Qxe2+ 19. Kxe2 Rg8 {Normal}
1-0

[Event "Rated Blitz tournament qRRFrJGp"]
[Site "?"]
[Date "2021.03.14"]
[Round "?"]
[White "huszas_szorzos_IM"]
[Black "Turkmentiger2020"]
[Result "0-1"]
[WhiteElo "2517"]
[BlackElo "2578"]
[PlyCount "26"]
[EventDate "2021.??.??"]
[EventType "blitz"]

1. e4 e5 2. Nf3 d5 3. Nxe5 Bd6 4. d4 dxe4 5. Nc4 Nf6 6. Nc3 O-O 7. Be2 Nc6 8.
O-O Nxd4 9. Bg5 Re8 10. Nxd6 Qxd6 11. h3 Bd7 12. Bc4 Bxh3 13. Be3 Ng4 {Normal}
0-1

[Event "Rated Blitz game"]
[Site "?"]
[Date "2021.03.14"]
[Round "?"]
[White "ffl0"]
[Black "annaly1979"]
[Result "0-1"]
[WhiteElo "2469"]
[BlackElo "2320"]
[PlyCount "104"]
[EventDate "2021.??.??"]
[EventType "blitz"]

1. e4 e5 2. Nf3 d5 3. exd5 e4 4. Qe2 f5 5. d3 Nf6 6. Nbd2 Be7 7. dxe4 fxe4 8.
Nxe4 Nxe4 9. Qxe4 O-O 10. Be2 Bf5 11. Qc4 Bd6 12. O-O Nd7 13. Bg5 Qe8 14. Rfe1
Qg6 15. Bf4 Nb6 16. Qd4 Bxc2 17. Bxd6 cxd6 18. Rac1 Rae8 19. Qd2 Be4 20. Rc3
Kh8 21. Nh4 Qf6 22. Bf3 Qxh4 23. Rce3 Bg6 24. g3 Qd8 25. Bg2 Rxe3 26. Rxe3 Re8
27. h4 Rxe3 28. Qxe3 Qe8 29. Qd4 Qe5 30. Qb4 h6 31. a4 Qe7 32. a5 Nc8 33. Bh3
Qc7 34. Bxc8 Qxc8 35. Qxd6 Bf5 36. Qe5 Qd7 37. d6 b6 38. axb6 axb6 39. b4 b5
40. Kh2 Kh7 41. Qc5 Bd3 42. Qe5 Qf5 43. Qe3 Bc4 44. f3 Bd5 45. Kg2 Qf7 46. g4
Qe6 47. Qd3+ Kg8 48. Qxb5 Qxg4+ 49. Kh2 Qxh4+ 50. Kg2 Qg4+ 51. Kh2 Qxf3 52.
Qe8+ Kh7 {Normal} 0-1

[Event "Rated Blitz tournament fPaWLvuL"]
[Site "?"]
[Date "2021.03.14"]
[Round "?"]
[White "Filitope"]
[Black "om_gendut"]
[Result "0-1"]
[WhiteElo "2347"]
[BlackElo "2415"]
[PlyCount "74"]
[EventDate "2021.??.??"]
[EventType "blitz"]

1. e4 e5 2. Nf3 d5 3. Nxe5 Bd6 4. d4 dxe4 5. Nc3 Bxe5 6. dxe5 Qxd1+ 7. Nxd1 Nc6
8. Nc3 Bf5 9. Bb5 Nge7 10. Bg5 O-O 11. O-O a6 12. Ba4 h6 13. Bh4 b5 14. Bb3 Ng6
15. Bg3 Ncxe5 16. Rae1 c5 17. f3 c4 18. fxe4 Be6 19. a4 cxb3 20. axb5 bxc2 21.
b6 Rab8 22. Nd5 Rb7 23. Rc1 Bxd5 24. exd5 Rc8 25. Rf2 Rxb6 26. Rfxc2 Rxc2 27.
Rxc2 Rb5 28. d6 Rd5 29. Rc8+ Kh7 30. Rd8 Ng4 31. Kf1 Ne3+ 32. Ke2 Nf5 33. d7
Nxg3+ 34. hxg3 Ne5 35. Ra8 Rxd7 36. Rxa6 Nc4 37. b4 Rb7 {Normal} 0-1

[Event "Rated Blitz game"]
[Site "?"]
[Date "2021.03.14"]
[Round "?"]
[White "MRNDJIC"]
[Black "ikibardaksu"]
[Result "1-0"]
[WhiteElo "2401"]
[BlackElo "2292"]
[PlyCount "57"]
[EventDate "2021.??.??"]
[EventType "blitz"]

1. e4 e5 2. Nf3 d5 3. Nxe5 Bd6 4. d4 dxe4 5. Bc4 Bxe5 6. dxe5 Qxd1+ 7. Kxd1 Nc6
8. Bf4 Nge7 9. Bg3 Ng6 10. Bb5 Bg4+ 11. Kc1 O-O-O 12. Bxc6 bxc6 13. Re1 Rhe8
14. Nc3 f5 15. exf6 gxf6 16. b3 f5 17. h3 Bh5 18. Kb2 Ne5 19. Bxe5 Rxe5 20. f4
Re7 21. g4 fxg4 22. hxg4 Bxg4 23. Rxe4 Rxe4 24. Nxe4 Rd4 25. Re1 Bf5 26. Nc5
Rd2 27. Re8+ Rd8 28. Re5 Rd4 29. Rxf5 {Normal} 1-0

[Event "Rated Blitz game"]
[Site "?"]
[Date "2021.03.14"]
[Round "?"]
[White "Maurice93"]
[Black "blastol"]
[Result "1-0"]
[WhiteElo "2567"]
[BlackElo "2415"]
[PlyCount "173"]
[EventDate "2021.??.??"]
[EventType "blitz"]

1. e4 e5 2. Nf3 d5 3. Nxe5 Bd6 4. d4 dxe4 5. Nc4 f5 6. Nc3 Nf6 7. Nxd6+ Qxd6 8.
h4 Nc6 9. Nb5 Qe7 10. c4 a6 11. Nc3 Bd7 12. Bf4 O-O-O 13. Be2 Qb4 14. Qd2 h6
15. h5 Rhe8 16. O-O-O Qa5 17. Kb1 Nb4 18. a3 Nc6 19. Rh3 Be6 20. d5 Bf7 21. Qc1
Ne5 22. b4 Qb6 23. Be3 Qd6 24. Bc5 Qd7 25. Bd4 Neg4 26. a4 Nxh5 27. a5 Qe7 28.
Bc5 Qf6 29. Bd4 Qg5 30. b5 Qxc1+ 31. Rxc1 Nf4 32. Bxg4 fxg4 33. Rg3 h5 34. Bxg7
Nd3 35. Rf1 axb5 36. Nxb5 Bg6 37. Ka2 Rd7 38. Re3 Rxg7 39. g3 Rf7 40. Re2 Ref8
41. Kb3 Rxf2 42. Rexf2 Rxf2 43. Rh1 Rf3 44. Kc2 Rxg3 45. c5 Nxc5 46. d6 Na6 47.
Na7+ Kb8 48. d7 Rd3 49. Nb5 Rxd7 50. Nc3 e3+ 51. Kb3 Nc5+ 52. Kc4 b6 53. axb6
cxb6 54. Rb1 Bd3+ 55. Kb4 Kb7 56. Re1 Na6+ 57. Kb3 e2 58. Nxe2 Bxe2 59. Rxe2
Rd3+ 60. Kc4 g3 61. Kxd3 Nc5+ 62. Kd4 h4 63. Re7+ Kc6 64. Rh7 Kb5 65. Rg7 g2
66. Rxg2 h3 67. Rh2 Ne6+ 68. Ke5 Ng5 69. Kf5 Kb4 70. Kxg5 Kc3 71. Rxh3+ Kb2 72.
Kf5 b5 73. Ke5 b4 74. Kd4 b3 75. Rh2+ Ka3 76. Kc3 b2 77. Rh1 Ka4 78. Kc2 Ka3
79. Rb1 Kb4 80. Rxb2+ Kc5 81. Rb3 Kd4 82. Rc3 Kd5 83. Rd3+ Ke4 84. Kd2 Kf5 85.
Rc3 Kf4 86. Rd3 Ke5 87. Re3+ {Time forfeit} 1-0

[Event "Rated Blitz game"]
[Site "?"]
[Date "2021.03.14"]
[Round "?"]
[White "WelshTiger"]
[Black "KinzyabulatovRenat"]
[Result "1-0"]
[WhiteElo "2449"]
[BlackElo "2328"]
[PlyCount "47"]
[EventDate "2021.??.??"]
[EventType "blitz"]

1. e4 e5 2. Nf3 d5 3. exd5 e4 4. Qe2 Nf6 5. Nc3 Be7 6. Nxe4 O-O 7. d3 Nxd5 8.
Qd1 c5 9. Be2 Nc6 10. O-O Bf5 11. Ng3 Bg6 12. Re1 h6 13. Bf1 Bd6 14. Ne4 Be7
15. Nc3 Bf6 16. Nxd5 Qxd5 17. c3 Rad8 18. Be3 b6 19. Qa4 a5 20. Rad1 Ne7 21. d4
cxd4 22. Bxd4 Qh5 23. Bxf6 gxf6 24. Rxe7 {Normal} 1-0

[Event "Rated Blitz tournament fPaWLvuL"]
[Site "?"]
[Date "2021.03.14"]
[Round "?"]
[White "lalitsahu"]
[Black "D_BKD"]
[Result "0-1"]
[WhiteElo "2304"]
[BlackElo "2501"]
[PlyCount "58"]
[EventDate "2021.??.??"]
[EventType "blitz"]

1. e4 e5 2. Nf3 d5 3. Nxe5 dxe4 4. Bc4 Nh6 5. d4 exd3 6. cxd3 Bd6 7. Bxh6 Bxe5
8. Bc1 Qd6 9. Nc3 O-O 10. Ne4 Qg6 11. f4 Qxg2 12. Nf2 Bd4 13. Rf1 Re8+ 14. Ne4
Bh3 15. Qe2 Qxe2+ 16. Kxe2 Bxf1+ 17. Kxf1 Nd7 18. Bd2 Nc5 19. Ng5 Re7 20. Rc1
Bxb2 21. Rc2 Bd4 22. Bc3 Bxc3 23. Rxc3 Ne6 24. Nxe6 fxe6 25. f5 Rf8 26. Rb3
Rxf5+ 27. Kg2 b6 28. d4 Kf7 29. Re3 Rf4 {Normal} 0-1

[Event "Rated Blitz game"]
[Site "?"]
[Date "2021.03.14"]
[Round "?"]
[White "RAG0406"]
[Black "FTR_BBC"]
[Result "0-1"]
[WhiteElo "2342"]
[BlackElo "2428"]
[PlyCount "74"]
[EventDate "2021.??.??"]
[EventType "blitz"]

1. e4 e5 2. Nf3 d5 3. exd5 e4 4. Qe2 Be7 5. Nd4 Qxd5 6. Nb3 Nf6 7. Nc3 Qd8 8.
g3 O-O 9. Bg2 Bg4 10. Qe3 a5 11. a4 Re8 12. O-O Bb4 13. Nxe4 Nc6 14. Nxf6+ Qxf6
15. Qf4 Qxf4 16. gxf4 Bd6 17. d4 Nb4 18. c3 Nc2 19. Rb1 Bf5 20. Bxb7 Rab8 21.
Bd5 Nxd4 22. Nxd4 Bxb1 23. Be3 Rxb2 24. Nb5 Bd3 25. Nxd6 cxd6 26. Rd1 Bc2 27.
Ra1 Be4 28. Bc4 Rc8 29. Bb5 h6 30. Bd4 Bf3 31. c4 Rd2 32. Bb6 d5 33. c5 Rc2 34.
c6 d4 35. c7 R2xc7 36. Bxc7 Rxc7 37. Rd1 Bxd1 {Normal} 0-1

[Event "Rated Blitz game"]
[Site "?"]
[Date "2021.03.14"]
[Round "?"]
[White "Stealthx3d"]
[Black "FTR_BBC"]
[Result "0-1"]
[WhiteElo "2367"]
[BlackElo "2429"]
[PlyCount "66"]
[EventDate "2021.??.??"]
[EventType "blitz"]

1. e4 e5 2. Nf3 d5 3. exd5 e4 4. Ne5 Qxd5 5. Nc4 Nf6 6. Nc3 Qd8 7. d3 Bb4 8.
Bd2 exd3 9. Bxd3 O-O 10. O-O h6 11. Qf3 Nc6 12. Rad1 Nd4 13. Qf4 b5 14. Ne5 c5
15. Nxb5 Nd5 16. Qg3 Bxd2 17. Rxd2 Qf6 18. c3 Nxb5 19. Bxb5 Nf4 20. Ng4 Qg5 21.
Ne3 Qf6 22. Rfd1 Rb8 23. a4 a6 24. Rd6 Qg5 25. Qxg5 hxg5 26. Bxa6 Rxb2 27. g3
Nh3+ 28. Kg2 Rxf2+ 29. Kh1 Bxa6 30. Rxa6 Re8 31. Ng4 Rc2 32. Rad6 Ree2 33. Rd8+
Kh7 {Normal} 0-1

[Event "Rated Blitz tournament fPaWLvuL"]
[Site "?"]
[Date "2021.03.14"]
[Round "?"]
[White "Tunartank"]
[Black "Jenlen3001"]
[Result "0-1"]
[WhiteElo "2339"]
[BlackElo "2440"]
[PlyCount "62"]
[EventDate "2021.??.??"]
[EventType "blitz"]

1. e4 e5 2. Nf3 d5 3. exd5 e4 4. Nd4 Nf6 5. Nc3 Bc5 6. Nb3 Bb6 7. Be2 O-O 8. d4
c6 9. dxc6 Nxc6 10. Be3 a5 11. O-O a4 12. Nc5 Re8 13. a3 Bc7 14. d5 Qd6 15. g3
Ne5 16. N5xe4 Nxe4 17. Nxe4 Qg6 18. Nd2 Bh3 19. Re1 Ng4 20. Bxg4 Bxg4 21. f3
Bh3 22. Kf2 f5 23. f4 Bg4 24. Nf3 Qh5 25. Kg2 Qh3+ 26. Kg1 Qh5 27. Kg2 Qh3+ 28.
Kg1 Rxe3 29. Rxe3 Bb6 30. Kf2 Re8 31. Ne5 Bxd1 {Normal} 0-1

[Event "Rated Blitz tournament fPaWLvuL"]
[Site "?"]
[Date "2021.03.14"]
[Round "?"]
[White "inear-gold"]
[Black "D_BKD"]
[Result "0-1"]
[WhiteElo "2226"]
[BlackElo "2503"]
[PlyCount "76"]
[EventDate "2021.??.??"]
[EventType "blitz"]

1. e4 e5 2. Nf3 d5 3. exd5 e4 4. Qe2 Nf6 5. d3 Be7 6. dxe4 O-O 7. Nbd2 c6 8.
Qd3 Bb4 9. c3 Ba5 10. dxc6 Qe7 11. Be2 Nxc6 12. O-O Rd8 13. Qc2 Bc7 14. Re1 Bb6
15. h3 Qc5 16. Rf1 Be6 17. Nb3 Qh5 18. Nfd4 Qh4 19. Nxe6 fxe6 20. Be3 Bxe3 21.
fxe3 Nxe4 22. Bf3 Nf6 23. Bxc6 bxc6 24. Nd4 Rd6 25. Rad1 Rad8 26. Nxe6 Rxd1 27.
Rxd1 Re8 28. Nd4 c5 29. Nf3 Qh6 30. e4 Nxe4 31. Re1 Nf6 32. Rxe8+ Nxe8 33. Qb3+
Kf8 34. Qd5 Qc1+ 35. Kh2 Qf4+ 36. g3 Qc7 37. Kg2 Nf6 38. Ng5 Nxd5 {Normal} 0-1

[Event "Rated Blitz tournament 957RsKAq"]
[Site "?"]
[Date "2021.03.14"]
[Round "?"]
[White "Aranruth"]
[Black "Mewii2021"]
[Result "0-1"]
[WhiteElo "2438"]
[BlackElo "2336"]
[PlyCount "128"]
[EventDate "2021.??.??"]
[EventType "blitz"]

1. e4 e5 2. Nf3 d5 3. exd5 e4 4. Qe2 Be7 5. Qxe4 Nf6 6. Qd4 O-O 7. Bc4 Bg4 8.
Ne5 Bf5 9. d3 c6 10. Nc3 Bd6 11. O-O Re8 12. Nf3 Bg4 13. Bg5 Bxf3 14. gxf3 Be5
15. Qh4 h6 16. Bxf6 Bxf6 17. Qg4 Bxc3 18. dxc6 Nxc6 19. bxc3 Ne5 20. Qf4 Rc8
21. Bb3 Rxc3 22. Rae1 Qf6 23. Qxf6 gxf6 24. Kg2 Rcc8 25. Re4 f5 26. Ra4 a6 27.
f4 Ng6 28. Kg3 h5 29. Rd4 h4+ 30. Kf3 Rcd8 31. Rxd8 Rxd8 32. Re1 Rd4 33. Re8+
Kg7 34. Rb8 Rxf4+ 35. Ke3 Rb4 36. Bd5 f4+ 37. Kd2 b5 38. Rb7 Ne5 39. Kc3 Ra4
40. Bb3 b4+ 41. Kd4 Nf3+ 42. Ke4 Nd2+ 43. Kxf4 Nxb3 44. axb3 Ra2 45. Rc7 a5 46.
Kg4 a4 47. bxa4 Rxa4 48. Kxh4 b3+ 49. c4 Rb4 50. Re7 b2 51. Re1 b1=Q 52. Rxb1
Rxb1 53. Kg5 Rd1 54. Kf5 Rxd3 55. f4 Rc3 56. Ke5 Rxc4 57. Kf5 Rc5+ 58. Kg4 Kg6
59. Kh4 f5 60. Kg3 Rc3+ 61. Kh4 Rf3 62. h3 Rxf4+ 63. Kg3 Ra4 64. Kf3 Kh5 {
Normal} 0-1

[Event "Rated Blitz game"]
[Site "?"]
[Date "2021.03.14"]
[Round "?"]
[White "Yeknafar"]
[Black "Dzon_Vejn"]
[Result "0-1"]
[WhiteElo "2413"]
[BlackElo "2425"]
[PlyCount "90"]
[EventDate "2021.??.??"]
[EventType "blitz"]

1. e4 e5 2. Nf3 d5 3. d4 dxe4 4. Nxe5 Bd6 5. Nc3 Bxe5 6. dxe5 Qxd1+ 7. Kxd1 Nc6
8. Bb5 Bg4+ 9. Ke1 Nge7 10. Nxe4 O-O-O 11. f3 Bf5 12. Bg5 Rd5 13. c4 Rxe5 14.
Bxe7 Nxe7 15. Kf2 Bxe4 16. fxe4 c6 17. Ba4 Rxe4 18. Rhe1 Rxe1 19. Rxe1 Kd7 20.
Rd1+ Kc7 21. Re1 Re8 22. Bc2 g6 23. c5 Kd7 24. Bb3 Nd5 25. Rxe8 Kxe8 26. Kf3
Nc7 27. Bc4 Ke7 28. Ke4 a5 29. a3 a4 30. Ke5 f6+ 31. Ke4 Ne6 32. g4 Nxc5+ 33.
Kd4 Nd7 34. Bd3 Kd6 35. Bc2 b5 36. h4 c5+ 37. Ke4 Ke6 38. g5 f5+ 39. Kf4 Ne5
40. h5 Nf7 41. h6 Nd6 42. Bd3 c4 43. Be2 Kd5 44. Bf3+ Kd4 45. Bd1 c3 {Time
forfeit} 0-1